Odpisy a odpisová politika z aspektov pôsobenia reprodukčného efektu kandidátska dizertačná práca

Saved in:
Bibliographic Details
Main Author: Šedivý, Ľubomír
Corporate Author: Vysoká škola ekonomická v Bratislave. Národohospodárska fakulta
Other Authors: Majcher, Milan
Format: Book
Language:Slovak
Published: Bratislava 1982
Tags: Add Tag
No Tags, Be the first to tag this record!

MARC

LEADER 00000nam a2200000 4500
001 c032186
005 20230116104802.5
041 0 |a slo 
044 |a SK 
245 1 0 |a Odpisy a odpisová politika z aspektov pôsobenia reprodukčného efektu  |b kandidátska dizertačná práca  |c Ľubomír Šedivý ; ved. práce Milan Majcher 
264 1 |a Bratislava  |c 1982 
300 |a 184 s. 
100 1 |a Šedivý, Ľubomír 
700 1 |a Majcher, Milan 
710 2 |a Vysoká škola ekonomická v Bratislave. Národohospodárska fakulta